Normal view
MARC view
- MILITARY LEADERSHIP-ART BATTLES AND LEADERS
Entry Topical Term
001 - CONTROL NUMBER
- control field: 76911
003 - CONTROL NUMBER IDENTIFIER
- control field: NUST
005 - DATE AND TIME OF LATEST TRANSACTION
- control field: 20210628205739.0
008 - FIXED-LENGTH DATA ELEMENTS
- fixed length control field: 210628|| aca||aabn | a|a d
040 ## - CATALOGING SOURCE
- Original cataloging agency: NUST
- Transcribing agency: NUST
150 ## - HEADING--TOPICAL TERM
- Topical term or geographic name entry element: MILITARY LEADERSHIP-ART BATTLES AND LEADERS
670 ## - SOURCE DATA FOUND
- Source citation: Work cat.: (NUST): Wood, W. J 76910, Leaders and battles the art of military leadership, 1996
